Report on consolidation or joint use of railroad major repair shops and modernization of repair shop facilities.
Saved in:
| 企业作者: | |
|---|---|
| 其他作者: | |
| 格式: | 图书 |
| 语言: | English |
| 出版: |
[Washington,
1936]
|
| 主题: | |
| 标签: |
添加标签
没有标签, 成为第一个标记此记录!
|
| LEADER | 01031nam a2200265 4500 | ||
|---|---|---|---|
| 001 | 005159616-4 | ||
| 005 | 00000000000000.0 | ||
| 008 | 920115s1936 dcua 000 0 eng c | ||
| 010 | |a a 36000785 | ||
| 035 | 0 | |a ocm25111147 | |
| 040 | |a Bureau of Railway Economics |c STF |d HBS | ||
| 050 | 4 | |a HE2708 |b .C874 | |
| 090 | |a HE2708 |b .C874 | ||
| 110 | 1 | |a United States. |b Office of Federal Coordinator of Transportation. |b Section of Property and Equipment. | |
| 245 | 1 | 0 | |a Report on consolidation or joint use of railroad major repair shops and modernization of repair shop facilities. |c Federal Coordinator of Transportation, Section of Property and Equipment, June, 1936. |
| 246 | 3 | |a Consolidation or joint use of railroad major repair shops | |
| 260 | |a [Washington, |c 1936] | ||
| 300 | |a iii, 56 p. |b tables. |c 27 cm. | ||
| 500 | |a Cover-title. | ||
| 500 | |a Multilithed. | ||
| 500 | |a Signed: R.L. Lockwood, Director. | ||
| 650 | 0 | |a Railroad repair shops. | |
| 700 | 1 | |a Lockwood, Ryland Leonard, |d 1878- | |
| 988 | |a 20020608 | ||
| 906 | |0 OCLC | ||


